Obchod v eurozóne
Začlenenie SR do Európskej únie a s tým súvisiaci nový obchodný systém. Odstránenie ochranných obchodných opatrení a začlenenie do platných kvótovaných režimov. Otázka geneticky modifikovaných potravín otvorená. Sporný trh s oceľou. Ďalšie očakávané reformy vnútorného aj externého obchodu.
Salvato in:
| Autore principale: | |
|---|---|
| Natura: | Capitolo di libro |
| Lingua: | slovacco |
| Soggetti: | |
| Tags: |
Nessun Tag, puoi essere il primo ad aggiungerne!!
|
MARC
| LEADER | 00000naa$a2200000$$$4500 | ||
|---|---|---|---|
| 001 | 0021494 | ||
| 005 | 20230926070726.2 | ||
| 041 | 0 | |a slo | |
| 044 | |a SK | ||
| 245 | 1 | 0 | |a Obchod v eurozóne |c Peter Bachratý |
| 520 | |a Začlenenie SR do Európskej únie a s tým súvisiaci nový obchodný systém. Odstránenie ochranných obchodných opatrení a začlenenie do platných kvótovaných režimov. Otázka geneticky modifikovaných potravín otvorená. Sporný trh s oceľou. Ďalšie očakávané reformy vnútorného aj externého obchodu. | ||
| 610 | 2 | 0 | |a obchod vnútorný |
| 610 | 2 | 0 | |a obchod zahraničný |
| 610 | 2 | 0 | |a spolupráca medzinárodná |
| 610 | 2 | 0 | |a trh medzinárodný |
| 610 | 2 | 0 | |a reformy |
| 610 | 2 | 0 | |a kvóty |
| 610 | 2 | 0 | |a produkty |
| 610 | 2 | 0 | |a potraviny modifikované geneticky |
| 610 | 2 | 0 | |a eurozóna |
| 610 | 2 | 0 | |a Slovensko |
| 610 | 2 | 0 | |a Európska únia |
| 100 | 1 | |a Bachratý, Peter | |